| Поле | Название | Значение |
| |
Тип записи |
a |
| |
Библиографический уровень |
m |
| 001 |
Контрольный номер |
RuMoRGB-007933487 |
| 005 |
Дата корректировки |
20201206204951.7 |
| 010 |
Индекс ISBN |
__ |
| a |
ISBN |
978-5-4468-0498-6 (в обл.) |
| d |
Цена |
205-70 |
| 100 |
Данные общей обработки |
__ |
| a |
Данные общей обработки |
19150518d2014||||||| 1rusy0189 ca |
| 101 |
Язык документа |
0_ |
| a |
Язык текста |
rus |
| 102 |
Страна публикации |
__ |
| a |
Страна публикации |
ru| |
| 105 |
Кодированные данные (монография) |
__ |
| a |
Кодированные данные (монография) |
y|||zzzz|||zy |
| 200 |
Заглавие и сведения об ответственности |
1_ |
| a |
Заглавие |
Воспитание мальчика |
| e |
Сведения, относящиеся к заглавию |
советы психолога : [книга для родителей] |
| f |
Первые сведения об ответственности |
С. Г. Достовалов, Л. В. Мальцева |
| b |
Общее обозначение материала |
Текст |
| 205 |
Сведения об издании |
__ |
| a |
Основные сведения об издании |
2-е изд., стер. |
| 210 |
Выходные данные |
__ |
| a |
Место издания |
Москва |
| c |
Издательство |
Академия |
| d |
Дата издания |
2014 |
| 215 |
Физическое описание |
__ |
| a |
Объем |
187 с. |
| c |
Иллюстрации/тип воспроизводства |
ил., портр. |
| d |
Формат |
24 см |
| 225 |
Серия |
__ |
| a |
Серия |
Психолог родителям |
| 300 |
Общие примечания |
__ |
| a |
Общие примечания |
1000 экз. |
| 320 |
Библиография |
__ |
| a |
Библиография |
Библиография: с. 181-182 |
| 330 |
Аннотация |
__ |
| a |
Аннотация |
Авторы книги, опираясь на взгляды современных отечественных и зарубежных педагогов и психологов, предлагают читателям заглянуть во внутренний мир ребенка, раскрывают динамику и особенности психофизиологического развития мальчиков, помогают найти ответы на вопросы, волнующие родителей, стремящихся воспитать успешных сыновей. Как научиться понимать своего сына, помочь ему преодолеть трудности в поведении, развить в нем основные мужские качества, воспитать полно-ценным мужчиной, мужем и семьянином. Раскрываются роль, функции и специфика поведения отца и матери в процессе воспитания сына. Книга адресована родителям, воспитателям, практическим психологам. |
| 606 |
Тематические рубрики |
__ |
| a |
Основная рубрика |
Психология |
| 606 |
Тематические рубрики |
__ |
| a |
Основная рубрика |
Педагогическая психология взрослых |
| 606 |
Тематические рубрики |
__ |
| a |
Основная рубрика |
Образование. Педагогика |
| 606 |
Тематические рубрики |
__ |
| a |
Основная рубрика |
Семейное воспитание и образование |
| 610 |
Ключевые слова |
__ |
| a |
Ключевые слова |
взаимоотношения в семье |
| a |
Ключевые слова |
взаимопонимание |
| a |
Ключевые слова |
возрастные кризисы |
| a |
Ключевые слова |
воспитание в семье |
| a |
Ключевые слова |
воспитание детей |
| a |
Ключевые слова |
воспитание мальчиков |
| a |
Ключевые слова |
гендерные различия |
| a |
Ключевые слова |
дети |
| a |
Ключевые слова |
доверие |
| a |
Ключевые слова |
личные качества |
| a |
Ключевые слова |
мужчины |
| a |
Ключевые слова |
педагогическая психология |
| a |
Ключевые слова |
половые различия |
| a |
Ключевые слова |
популярная психология |
| a |
Ключевые слова |
практические советы |
| a |
Ключевые слова |
психология мальчиков |
| a |
Ключевые слова |
родители |
| a |
Ключевые слова |
семьи |
| a |
Ключевые слова |
успешность |
| 686 |
Индексы других классификаций |
__ |
| 2 |
Код системы |
rubbks |
| a |
Классификационный индекс |
74.902.66 |
| 686 |
Индексы других классификаций |
__ |
| a |
Классификационный индекс |
88.611; В74.9 + В88 |
| 700 |
Автор |
_1 |
| a |
Фамилия |
Достовалов |
| b |
Имя |
С. Г. |
| g |
Полное личное имя |
Сергей Григорьевич |
| 4 |
Код отношения |
070 |
| 701 |
Альтернативная интеллектуальная ответственность |
_1 |
| a |
Фамилия |
Мальцева |
| b |
Имя |
Л. В. |
| g |
Полное личное имя |
Лариса Валентиновна |
| 4 |
Код отношения |
070 |
| 801 |
Источник записи |
_0 |
| a |
Страна |
ru |
| b |
Организация |
Муниципальное бюджетное учреждение культуры "Централизованная библиотечная система" г. Сургут (Центральная городская библиотека им. А. С. Пушкина) |
| c |
Дата составления |
20150518 |
| g |
Правила каталогизации |
КиК/Коробейникова |
| 801 |
Источник записи |
_1 |
| a |
Страна |
ru |
| b |
Организация |
Муниципальное бюджетное учреждение культуры "Централизованная библиотечная система" г. Сургут (Центральная городская библиотека им. А. С. Пушкина) |
| c |
Дата составления |
20150518 |
| g |
Правила каталогизации |
КиК/Коробейникова |
| 852 |
Данные о местонахождении |
__ |
| j |
Шифр хранения |
74.902.66 |
| i |
Авторский знак |
Д 70 |
| 901 |
Тип документа |
__ |
| t |
Тип документа |
m |
| 903 |
Характеристики (МАРС) |
__ |
| a |
Дата передачи |
20150908 |
| 969 |
Тип издания |
__ |
| a |
Тип издания |
научно-популярное издание |
| 990 |
Данные о заказе (DOS) |
__ |
| j |
Количество экземпляров (DOS) |
13 |
| t |
N записи в КСУ для И/У (DOS) |
201509 |